000
00323nam a2200133Ia 4500
005
20251222154408.0
008
251222s9999||||xx |||||||||||||| ||spa||
082
_a
868.6/G49C
100
_a
Gironella, José María
245
0
_a
Los Cipreses creen en Dios:
250
_a
33a.ed.
264
_b
Gráficas Gasa
942
_c
LIB
999
_c
35566
_d
35566